Vollständige Demokratien - Statistiken

Allgemein
  • Dieses Quiz wurde 209 mal gespielt
  • Das Durchschnittsergebnis liegt bei 16 aus 21
Antwortstatistiken
Platz Punkte Land % Korrekt
15 8,67 Deutschland
100%
3 9,27 Finnland
98%
4 9,26 Schweden
98%
1 9,75 Norwegen
97%
6 9,09 Dänemark
94%
20 8,07 Österreich
94%
12 8,87 Kanada
92%
9 8,9 Schweiz
92%
11 8,88 Niederlande
91%
5 9,18 Island
89%
9 8,9 Australien
87%
7 9,0 Irland
82%
17 8,15 Japan
81%
14 8,68 Luxemburg
81%
2 9,37 Neuseeland
81%
18 8,1 Vereinigtes Königreich
80%
16 8,16 Südkorea
71%
8 8,99 Taiwan
44%
20 8,07 Costa Rica
25%
13 8,85 Uruguay
18%
19 8,08 Mauritius
9%
Keine übereinstimmenden Quizze gefunden
Verteilung der Resultate
Anzahl Personen mit jedem Resultat
Perzentil nach korrekt beantworteten Fragen
Ihre Resultats-Entwicklung
Sie haben dieses Quiz noch nicht gespielt